书目信息 |
| 题名: |
织锦
|
|
| 作者: | 赵屹 , 田源 编著 | |
| 分册: | ||
| 出版信息: | 北京 中国社会出版社 2008 |
|
| 页数: | 230页 | |
| 开本: | 21cm | |
| 丛书名: | 中国民俗文化丛书 | |
| 单 册: | ||
| 中图分类: | J523.1 | |
| 科图分类: | ||
| 主题词: | 织锦缎--简介--中国 , 织锦缎 | |
| 电子资源: | ||
| ISBN: | 978-7-5087-1937-5 | |
| 000 | 00823oam2 2200265 450 | |
| 001 | 1235340898 | |
| 005 | 20121019094936.76 | |
| 010 | @a978-7-5087-1937-5@dCNY25.00 | |
| 100 | @a20080619d2008 em y0chiy50 ea | |
| 101 | 0 | @achi |
| 102 | @aCN@b110000 | |
| 105 | @aa z 000yy | |
| 200 | 1 | @a织锦@Azhi jin@f赵屹,田源编著 |
| 210 | @a北京@c中国社会出版社@d2008 | |
| 215 | @a230页@c图@d21cm | |
| 225 | 2 | @a中国民俗文化丛书 |
| 330 | @a本书介绍了民间织锦的历史发展、四大名锦对民间织锦的影响、汉族民间织锦、少数民族民间织锦以及民间织造工具的发展与演变等内容。 | |
| 461 | 0 | @12001 @a中国民俗文化丛书 |
| 606 | 0 | @a织锦缎@x简介@y中国 |
| 606 | 0 | @a织锦缎 |
| 690 | @aJ523.1@v4 | |
| 701 | 0 | @a赵屹@Azhao yi@4编著 |
| 701 | 0 | @a田源@Atian yuan@c(硕士)@4编著 |
| 801 | 0 | @aCN@bNLC@c20101222 |
| 905 | @a10447@dJ523.1@eJY161 | |
| 织锦/赵屹,田源编著.-北京:中国社会出版社,2008 |
| 230页:图;21cm.-(中国民俗文化丛书) |
| ISBN 978-7-5087-1937-5:CNY25.00 |
| 本书介绍了民间织锦的历史发展、四大名锦对民间织锦的影响、汉族民间织锦、少数民族民间织锦以及民间织造工具的发展与演变等内容。 |
| ● |
| 相关链接 |
|
|
|
|
正题名:织锦
索取号:J523.1/JY161
 
预约/预借
| 序号 | 登录号 | 条形码 | 馆藏地/架位号 | 状态 | 备注 |
| 1 | 7832896 | 278328962 | 学院路分馆/ [索取号:J523.1/JY161] | 在馆 | |
| 2 | 7832897 | 278328971 | 学院路分馆/ [索取号:J523.1/JY161] | 在馆 |